Normal view
MARC view
Entry Personal Name
001 - CONTROL NUMBER
- control field: 15231
003 - CONTROL NUMBER IDENTIFIER
- control field: BD-RjUL
005 - DATE AND TIME OF LATEST TRANSACTION
- control field: 20250410131736.0
008 - FIXED-LENGTH DATA ELEMENTS
- fixed length control field: 250410|| aca||aabn | a|a d
040 ## - CATALOGING SOURCE
- Original cataloging agency: BD-RjUL
- Transcribing agency: BD-RjUL
100 ## - HEADING--PERSONAL NAME
- Personal name: Ashʻar Dihlavī, Ḥabīb
670 ## - SOURCE DATA FOUND
- Source citation: Work cat.: (BD-RjUL)84805: شیفتہ، مصطفیٰ خاں،Shiftah, Muṣt̤afā K̲h̲ān, active 1833-1866. 15230, دیوان شفتہ / Dīvān-i Shaiftah /, [1965]